| 000 | 00995nam0a22002411i 4500 | ||
|---|---|---|---|
| 001 | rc\766150 | ||
| 005 | 20240726004805.0 | ||
| 035 | _a(NLR Aleph) 006293270 | ||
| 090 |
_a7172807 _c7172807 |
||
| 100 | _a20040301d1985 u |0rusy50 ca | ||
| 101 | 0 | _arus | |
| 102 | _aRU | ||
| 105 | _ay ||||||||| | ||
| 200 | 1 |
_aПроблема героического в творчестве М.А. Шолохова _e(В типол. сравнении с темой героич. во вьет. лит.) _eАвтореф. дис. на соиск. учен. степ. канд. филол. наук _e(10.01.02; 10.01.04) |
|
| 210 |
_aМ. _d1985 |
||
| 215 | _a24 с. | ||
| 300 | _aВ надзаг.: Акад. обществ. наук при ЦК КПСС, Каф. соц. культуры | ||
| 600 | 1 |
_aШолохов _bМ.А. _gМихаил Александрович _2psbo |
|
| 700 | 0 | _aФам Винь Кы | |
| 801 | 0 |
_aRU _bNLR _gpsbo |
|
| 801 | 1 |
_aRU _bELAR _2rusmarc |
|
| 852 |
_aNLR _j86-4/20589 |
||
| 942 | _cBOOK | ||